| 000 | 00624nam a22001337a 4500 | ||
|---|---|---|---|
| 040 | _cRUA | ||
| 082 | _aANS THO 2018 B648 Or.1 | ||
| 100 | _aTHOUY MOK ធូយ ម៉ុក | ||
| 245 | _athe effect of replenishing banana stem by using rice bran and water spinach on pigs growth ឥទ្ធិពលនៃការបន្ថែមដើមចេកផ្អាប់ដោយប្រើកន្ទក់និងត្រកួនជាគ្រិះការលូតលាស់របស់ជ្រូក | ||
| 260 |
_aRUA _bPHNOM PENH _c2018 |
||
| 300 |
_aiv;36p _bill; _c29cm |
||
| 856 | _uTHOUY MOK | ||
| 942 | _cANS | ||
| 999 |
_c18277 _d18277 |
||